Marie Curie : la científica que ganó dos Premios Nobel /

La historia está llena de mujeres excepcionales cuyas ideas y logros han conseguido cambiar el mundo. Marie Curie fue una de ellas. Con un pequeño laboratorio, un gran talento y una enorme tenacidad con la que enfrentarse a las dificultades, logró convertirse en una gran científica y ganar dos Premi...

Descripción completa

Guardado en:
Autor Principal: Lloret Blackburn, Víctor.
Otros Autores: Coronado, Ángel; il., Roca, Oriol; il.
Formato: Libro
Idioma:Undetermined
Publicado: Madrid : Bonalletra, 2023.
Series:Mujeres extraordinarias
Materias:
Etiquetas: Agregar Etiqueta
Sin Etiquetas, Sea el primero en etiquetar este registro!
LEADER 01159nam a22002175a 4500
001 CEM.cems024976
008 251107s2023####sp############000#0#und#d
005 20251107155747.0
245 1 0 |a Marie Curie :  |b la científica que ganó dos Premios Nobel /  |c Víctor Lloret Blackburn ; ilustraciones Ángel Coronado y Oriol Roca. 
260 |a Madrid :  |b Bonalletra,  |c 2023. 
300 |a 32 p. 
490 1 |a Mujeres extraordinarias 
520 |a La historia está llena de mujeres excepcionales cuyas ideas y logros han conseguido cambiar el mundo. Marie Curie fue una de ellas. Con un pequeño laboratorio, un gran talento y una enorme tenacidad con la que enfrentarse a las dificultades, logró convertirse en una gran científica y ganar dos Premios Nobel en una época en la que se pensaba que la ciencia era cosa de hombres. Demostró así que el ingenio y el esfuerzo son lo único que cuenta. 
020 |a 9788447162956 
100 1 |a Lloret Blackburn, Víctor. 
700 1 |a Coronado, Ángel; il. 
700 1 |a Roca, Oriol; il. 
653 |a Biografías 
653 |a Científicos 
653 |a Mujeres 
859 |a CEMS  |b BIB. CEMS - 11 de abril  |h 928  |i C975l  |p 30493.25  |t Ej.1